000 01137nam a2200313 i 4500
003 EG-GICUC
005 20260208131753.0
008 260208s1967 fr ||||fr|||| 000 0 fre d
040 _aEG-GiCUC
_bfre
_cEG-GiCUC
_dEG-GiCUC
_eRda
041 0 _afre
082 0 4 _221
_a341.81060
_bZA . D
092 0 4 _221
099 _aLaw1 12 341.81060 ZA . D 1967
100 1 _aZatzépine, Alexandre
_eAuteur
245 1 3 _aLe Droit De La Nationalité Des Républiques Francophones :
_bD'afrique Et De Madagascar.
_nBurund I,
_pRépublique Démocratique Du Congo /
_cAlexandre Zatzépine.
264 1 _aParis :
_bLibrairie Générale De Droit Et De Jurisprudence,
_c1967.
300 _a32 page,
_c24 cm.
_billustration ;
336 _2rda contenu
_a texte
337 _2rda medias
_aOrdinateur
338 _2 transporteur rda
_a Ressource en ligne
500 _aAdditif 1966
504 _aComprend des références bibliographiques.
546 _aTexte en français
650 1 4 _aDroit international privé
_2
651 1 _2
856 4 0 _uhttps://fll.law.cu.edu.eg/fulltext/bks/B12-02284.pdf
905 _a48
942 _2ddc
_cBK
_e21
_n0
999 _c61598
_d61598